Statistics for Arizona High Schools Mascots

Click here to take the quiz!

General Stats

  • This quiz has been taken 121 times
  • The average score is 105 of 187

Answer Stats

HintAnswer% Correct
Flagstaff | Ironwood | Joy Christian | +5 othersEagles
82%
Alhambra | LibertyLions
81%
Basha | Bradshaw Mountain | CoolidgeBears
79%
Goldwater | Kingman | Queen Creek | +3 othersBulldogs
78%
Gilbert | Globe | Kingman Academy | MillenniumTigers
76%
Alchesay | Cactus Shadows | Carl Hayden Community | +4 othersFalcons
74%
Dobson | Mogollon | Monument Valley | +2 othersMustangs
74%
Apollo | Buckeye | Gila Ridge | HighlandHawks
73%
Chinle | Joseph City | Mayer | +2 othersWildcats
73%
Chandler | Desert MountainWolves
72%
Arizona Lutheran Academy | Campo Verde | Centennial | +2 othersCoyotes
71%
Boulder Creek | Desert Ridge | South MountainJaguars
70%
Arizona College Prep | Gilbert Christian | Higley | +4 othersKnights
70%
Baboquivari | San Pasqual Valley | Tuba City | WestwoodWarriors
68%
Brophy College PrepBroncos
67%
Coconino | Maryvale | Paradise Honors | +2 othersPanthers
67%
Casa Grande | Chino Valley | Kellis | +3 othersCougars
65%
American Leadership Academy | Independence | Mohave AcceleratedPatriots
65%
Antelope | Maricopa | WashingtonRams
65%
GlendaleCardinals
64%
HorizonHuskies
64%
Mountain Ridge | Red MountainMountain Lions
63%
Benjamin Franklin | McClintockChargers
61%
MesaJackrabbits
61%
Agua FriaOwls
61%
Perry | Sequoia Pathway AcademyPumas
60%
North CanyonRattlers
60%
Paradise Valley | Valley ChristianTrojans
60%
CactusCobras
59%
Sunnyslope | WilliamsVikings
59%
Desert Edge | Red RockScorpions
57%
Copper Canyon | Corona del SolAztecs
56%
CentralBobcats
56%
Camp Verde | WillcoxCowboys
56%
Casteel | CortezColts
55%
Desert VistaThunder
55%
Arcadia | Chandler PrepTitans
55%
YumaCriminals
54%
ChaparralFirebirds
54%
Moon ValleyRockets
53%
Hayden | Many Farms | SnowflakeLobos
52%
PinnaclePioneers
52%
Camelback | Scottsdale Preparatory Academy | Vista GrandeSpartans
52%
Marcos de NizaPadres
51%
ThunderbirdChiefs
50%
Dysart | GreenwayDemons
50%
Mountain ViewToros
50%
Apache JunctionProspectors
49%
Cesar ChavezChampions
47%
Notre Dame PrepSaints
47%
Mountain PointePride
46%
Saguaro | San Tan FoothillsSabercats
46%
Browne | HopiBruins
45%
VerradoVipers
45%
Williams FieldBlack Hawks
44%
TempeBuffaloes
44%
CoronadoDons
44%
Northwest ChristianCrusaders
43%
PaysonLonghorns
43%
Valley VistaMonsoon
43%
Deer ValleySkyhawks
43%
Shadow RidgeStallions
43%
TollesonWolverines
43%
San ManuelMiners
41%
Fort Thomas | NogalesApaches
40%
PrescottBadgers
40%
SalomeFrogs
40%
ValleyPirates
40%
St. JohnsRedskins
40%
Blue RidgeYellow Jackets
40%
Shadow MountainMatadors
38%
HolbrookRoadrunners
37%
Round ValleyElks
36%
GanadoHornets
35%
RayBearcats
34%
San CarlosBraves
34%
MiamiVandals
34%
WickenburgWranglers
34%
MingusMarauders
33%
Pima | YoungkerRoughriders
32%
BagdadSultans
32%
River ValleyDust Devils
31%
FairfaxStampede
31%
Odyssey InstituteMinotaur
30%
MohaveThunderbirds
30%
Beaver DamDiamondback
29%
Tonopah ValleyPhoenix
28%
PageSand Devils
28%
Seton CatholicSentinels
28%
Valley LutheranFlames
27%
Bourgade CatholicGolden Eagles
27%
Imagine PrepStorm
26%
ParkerBroncs
24%
Lee WilliamsVolunteers
24%
Glendale Prep AcademyGriffins
23%
AjoRed Raiders
21%
Window RockFighting Scouts
19%
La Joya CommunityFighting Lobos
18%
DuncanWildkats
18%
Heritage AcademyHeros
17%
FredoniaLynx
14%
Greyhills AcademyFightin' Knights
9%
TonopahMuckers
5%

Score Distribution

Percentile by Number Answered

Percent of People with Each Score

Your Score History

You have not taken this quiz